000 00348nam a2200145 i 4500
001 bg
245 0 _aCasticy i polja.
260 _aMoskva,
_c1971.
490 1 _aSignalnaja informacija. Fizika ;
_vnr 10
830 0 _aSignalnaja informacija.
_pFizika
040 _cBPK
041 _apol
942 _cKS
008 s pl f |000 0 pol
999 _c9282
_d9282
856 _uhttp://koha.tu.koszalin.pl/cgi-bin/koha/opac-detail.pl?biblionumber=9282
_yKatalog online BPK